Impact assessment of climate change on hydrological response and urban flooding for adaptation strategies (case of lai nullah, Pakistan) / (Record no. 533760)

000 -LEADER
fixed length control field 00618nam a22001577a 4500
020 ## - INTERNATIONAL STANDARD BOOK NUMBER
Qualifying information Hard Cover.
082 ## - DEWEY DECIMAL CLASSIFICATION NUMBER
Classification number 628.142
100 ## - MAIN ENTRY--PERSONAL NAME
Personal name Rama, Hammayun Zulfiqar
245 ## - TITLE STATEMENT
Title Impact assessment of climate change on hydrological response and urban flooding for adaptation strategies (case of lai nullah, Pakistan) /
Statement of responsibility, etc. Hammayun Zulfiqar Rana.
260 ## - PUBLICATION, DISTRIBUTION, ETC.
Place of publication, distribution, etc. Islamabad:
Name of publisher, distributor, etc. SCEE - NUST,
Date of publication, distribution, etc. 2016.
300 ## - PHYSICAL DESCRIPTION
Extent 119 p. :
Other physical details ill. ;
Dimensions 30cm.
942 ## - ADDED ENTRY ELEMENTS (KOHA)
Source of classification or shelving scheme
Koha item type Thesis
650 ## - SUBJECT ADDED ENTRY--TOPICAL TERM
Topical term or geographic name entry element Water Resource Engineering and Management MS-Thesis.
700 ## - ADDED ENTRY--PERSONAL NAME
Personal name Dr. Shakil Ahmad
650 ## - SUBJECT ADDED ENTRY--TOPICAL TERM
-- 27179
700 ## - ADDED ENTRY--PERSONAL NAME
-- 16568
Holdings
Withdrawn status Lost status Source of classification or shelving scheme Damaged status Not for loan Permanent Location Current Location Shelving location Date acquired Total Checkouts Full call number Barcode Date last seen Price effective from Koha item type
          Central Library (CL) Central Library (CL) Thesis 01/17/2020   628.142 CL-T-4635 01/17/2020 01/17/2020 Thesis
© 2023 Central Library, National University of Sciences and Technology. All Rights Reserved.